000 00493nam a2200169Ia 4500
999 _c10801
_d10801
003 OSt
005 20191226153819.0
008 190216s9999||||xx |||||||||||||| ||und||
020 _a8174937773
040 _coclc
082 _a658.3
_bRAO/P
100 _aRao, P Subba
_9797
245 0 _aPersonel And Human Resource Management /
_cP Subba Rao
260 _bHimalaya Publishing House,
_aDelhi:
_c2002.
300 _a447p
942 _cBK
_2ddc
_h658.3
_iRAO/P
_k658.3
_mRAO/P